000 00722nam a2200241Ia 4500
003 OSt
005 20220918182313.0
006 a|||||r|||| 00| 0
007 ta
008 220917b |||||||| |||| 00| 0 eng d
024 _a31,783
037 _cTextual
040 _aARTS
_cARTS
_beng
041 _2eng
_aeng
082 _aO111,1K08w, H8
100 _aClark Donald Leman
_959992
245 0 _aJohn Milton at St. Paul's school
_b a study of ancient rhetoric in english senaissance education
260 _aColumbia
_bColumbia Univ Press
_c1948
300 _axi,269p.
_ccm.
650 _aENGLISH LITERATURE
942 _hO111,1K08w, H8
_cTEXL
_2CC
999 _c168474
_d168474